| 000 | 01648nam0a2200373 i 4500 | ||
|---|---|---|---|
| 001 | RU\NLR\BIBL_A\011395856 | ||
| 005 | 20241114181000.0 | ||
| 010 | _a9785971044178 | ||
| 021 |
_aRU _b2017-32014 _92355 |
||
| 035 | _a(RuMoRGB)008875646 | ||
| 035 | _a(NLR Aleph) 011395856 | ||
| 090 |
_a11478550 _c11478550 |
||
| 100 | _a20170530d2017 km y0rusy50 ca | ||
| 101 | 0 | _arus | |
| 102 | _aRU | ||
| 105 | _aa|||z|||000zy | ||
| 200 | 1 |
_aСпециальные числа натурального ряда _e[пособие] _fЕ. И. Деза |
|
| 205 | _aИзд. 2-е | ||
| 210 |
_aМосква _cURSS _cЛЕНАНД _d2017 |
||
| 215 |
_a235 с. _cил. _d22 |
||
| 300 | _aНа 4-й с. обл. авт.: Е.И. Деза - д.п.н., к.ф.-м.н., преподаватель, проф. | ||
| 313 | _a1-е изд. 2010 г. | ||
| 320 | _aБиблиогр.: с. 232-235 и в конце гл. | ||
| 606 |
_aФизико-математические науки -- Математика -- Теория чисел -- Элементарная теория чисел -- Различные числа и последовательности чисел _2rubbk |
||
| 606 |
_aНатуральные числа _jУчебные издания для высших учебных заведений _92143811 _3RU\NLR\AUTH\661291814 |
||
| 610 | 0 | _aчисла натурального ряда | |
| 675 | _a511(075.8) | ||
| 686 |
_aВ141.6,0 _2rubbk |
||
| 686 | 1 | _aВ140я73-1 | |
| 700 | 1 |
_aДеза _bЕ. И. _c1961- _gЕлена Ивановна _9174444 _3RU\NLR\AUTH\770174495 |
|
| 942 | _cBOOK | ||
| 980 | _aNBR | ||